Statistics for Premier League Players 2020/21 By Name - H

Click here to take the quiz!

General Stats

  • This quiz has been taken 37 times
    (30 since last reset)
  • The average score is 13 of 18

Answer Stats

ClubNationPositionPlayer% Correct
Manchester UnitedEnglandGKDean Henderson
100%
LiverpoolEnglandMFJordan Henderson
100%
ChelseaGermanyMFKai Havertz
100%
Crystal PalaceIrelandGKStephen Henderson
100%
Tottenham HotspurEnglandGKJoe Hart
93%
Leeds UnitedEnglandFWJack Harrison
80%
EvertonEnglandDFMason Holgate
80%
Aston VillaEnglandGKTom Heaton
80%
ChelseaEnglandFWCallum Hudson-Odoi
73%
Tottenham HotspurDenmarkMFPierre-Emile Hojbjerg
73%
ArsenalEnglandDFRob Holding
73%
Newcastle UnitedIrelandMFJeff Hendrick
60%
Crystal PalaceWalesGKWayne Hennessey
60%
WolvesNetherlandsDFKi-Jana Hoever
53%
Aston VillaEnglandDFKortney Hause
53%
FulhamJamaicaDFMichael Hector
53%
Newcastle UnitedEnglandMFIsaac Hayden
40%
Leeds UnitedSpainMFPablo Hernandez
33%

Score Distribution

Percentile by Number Answered

Percent of People with Each Score

Your Score History

You have not taken this quiz since the last reset